Kung bakit ang pinya ay may isandaang mata at iba pang kuwentong bayan ukol sa mga prutas (Record no. 364993)
[ view plain ]
| 000 -LEADER | |
|---|---|
| fixed length control field | 00615nam a22001817a 4500 |
| 003 - CONTROL NUMBER IDENTIFIER | |
| control field | 0 |
| 005 - DATE AND TIME OF LATEST TRANSACTION | |
| control field | 20230616153236.0 |
| 008 - FIXED-LENGTH DATA ELEMENTS--GENERAL INFORMATION | |
| fixed length control field | 230616b xxu||||| |||| 00| 0 eng d |
| 020 ## - INTERNATIONAL STANDARD BOOK NUMBER | |
| International Standard Book Number | 978-971-630-187-8 |
| 082 ## - DEWEY DECIMAL CLASSIFICATION NUMBER | |
| Classification number | Fil. 398.209599 |
| Item number | .Cr955 2014 |
| 245 ## - TITLE STATEMENT | |
| Title | Kung bakit ang pinya ay may isandaang mata at iba pang kuwentong bayan ukol sa mga prutas |
| Statement of responsibility, etc | Cruz, Neni Sta. Romana |
| 260 ## - PUBLICATION, DISTRIBUTION, ETC. (IMPRINT) | |
| Place of publication, distribution, etc | Makati City |
| Name of publisher, distributor, etc | Tahanan Books for Young Readers |
| Date of publication, distribution, etc | c2014 |
| 300 ## - PHYSICAL DESCRIPTION | |
| Extent | 55pp. |
| Other physical details | ill. |
| Dimensions | 25cm. |
| 500 ## - GENERAL NOTE | |
| General note | Tales-Philippines. |
| 500 ## - GENERAL NOTE | |
| General note | Folk literature,Filipino. |
| 500 ## - GENERAL NOTE | |
| General note | Children's stories, Filipino |
| 942 ## - ADDED ENTRY ELEMENTS (KOHA) | |
| Source of classification or shelving scheme | Dewey Decimal Classification |
| Koha item type | Books |
| Withdrawn status | Lost status | Source of classification or shelving scheme | Damaged status | Home library | Current library | Shelving location | Date acquired | Source of acquisition | Sub Shelving location | Total Checkouts | Full call number | Barcode | Date last seen | Price effective from | Koha item type |
|---|---|---|---|---|---|---|---|---|---|---|---|---|---|---|---|
| Dewey Decimal Classification | Munich Library | Munich Library | Filipiniana Section | 06/16/2023 | Library Fund | Fil. 398.209599 Cr955 2014 | M8356 | 06/16/2023 | 06/16/2023 | Books |